Christy Miller collection. (Record no. 16524)

000 -LEADER
fixed length control field 00577cam a2200229Ia 4500
020 ## - INTERNATIONAL STANDARD BOOK NUMBER
ISBN 1590525868
020 ## - INTERNATIONAL STANDARD BOOK NUMBER
ISBN 9781590525869
040 ## - CATALOGING SOURCE
Transcribing agency UWB
082 04 - DEWEY DECIMAL CLASSIFICATION NUMBER
Classification number 813 MUL 2006 A120 Or.
100 1# - MAIN ENTRY--AUTHOR NAME
Personal name Gunn, Robin Jones,
245 10 - TITLE STATEMENT
Title Christy Miller collection.
246 3# - VARYING FORM OF TITLE
Title proper/short title True friends
246 3# - VARYING FORM OF TITLE
Title proper/short title Starry night
246 3# - VARYING FORM OF TITLE
Title proper/short title Seventeen wishes
260 ## - PUBLICATION, DISTRIBUTION, ETC. (IMPRINT)
Place of publication Sisters, OR :
Name of publisher Multnomah Publishers,
Year of publication c2006.
300 ## - PHYSICAL DESCRIPTION
Number of Pages 470 p. ;
Dimensions 22 cm.
500 ## - GENERAL NOTE
General note "(Books 7-9)"
650 #0 - SUBJECT ADDED ENTRY--TOPICAL TERM
Topical Term Friendship
650 #0 - SUBJECT ADDED ENTRY--TOPICAL TERM
Topical Term Christian life
650 #0 - SUBJECT ADDED ENTRY--TOPICAL TERM
Topical Term Young adult fiction.
942 ## - ADDED ENTRY ELEMENTS (KOHA)
Koha item type សៀវភៅភាសាអង់គ្លេស
952 ## - LOCATION AND ITEM INFORMATION (KOHA)
Withdrawn status [LOCAL, KOHA] 0
Holdings
Permanent Location Date acquired Koha item type Lost status Shelving location Barcode Current Location Full call number
Library Block A2018-03-05សៀវភៅភាសាអង់គ្លេស A110A24783Library Block A813 MUL 2006 A110 Or.
មជ្ឈមណ្ឌលឯការនៃសាកលវិទ្យាល័យភូមិន្ទកសិកម្មចំការដូង

Powered by Koha